[Event "2015  Server Team - Div 3, S53999"]
[Site "CCLA"]
[Date "2015.10.30"]
[Round "?"]
[White "Stewart, Scott A."]
[Black "Selby, Robin"]
[Result "1-0"]
[WhiteElo "1343"]
[BlackElo "1190"]
[Board "6"]
[WhiteTeam "Knights of the Square Table"]
[BlackTeam "Canadian Snowbirds"]

1. e4 e5 2. Nf3 Nc6 3. Bb5 Nf6 4. d3 Bb4+ 5. c3 Be7 6. O-O O-O 7. Bxc6 
dxc6 8. Nxe5 Qd6 9. Bf4 g6 10. Nxg6 Qe6 11. Nxf8 Bxf8 12. Bxc7 Qg4 13. 
Qxg4+ Nxg4 14. Re1 Bd7 15. Nd2 Bc5 16. d4 Be7 17. h3 Nf6 18. Re3 Rc8 19. 
Rg3+ Kf8 20. Bf4 Nh5 21. Bh6+ Ke8 22. Rg8+ Bf8 23. Bxf8 Be6 24. Bc5+ Kd7 
25. Rxc8 Kxc8 26. Bxa7 Kc7 27. a4 Nf6 28. a5 h5 29. Bb6+ Kc8 30. c4 Kd7 
31. d5 cxd5 32. cxd5 Bxd5 33. exd5 Kd6 34. Rd1 Kxd5 35. Nb3+ Kc4 36. Nc5 
Nd5 37. Nxb7 Nb4 38. Nd6+ Kb3 39. Nxf7 Kxb2 40. f4 Kc2 41. Rd6 Kc3 42. Ne5
Na6 43. Bd4+ Kd2 44. Rxa6 h4 45. f5 1-0

[Event "2015 NA Class D Ch - Rd 1 Sect 2, S50121"]
[Site "CCLA"]
[Date "2015.04.27"]
[Round "?"]
[White "Anderson, Lawrence D."]
[Black "Martindale, Roger"]
[Result "1-0"]
[WhiteElo "1435"]
[BlackElo "1188"]

1. e4 e5 2. Nf3 Nc6 3. Bb5 Nf6 4. O-O Bc5 5. c3 Nxe4 6. d4 Bb6 7. Re1 d5 
8. Nxe5 a6 9. Nxc6 bxc6 10. Bxc6+ Bd7 11. Bxa8 Qxa8 12. Bf4 O-O 13. Nd2 f5
14. Nxe4 fxe4 15. Be3 a5 16. Qd2 Bb5 17. b3 Bd3 18. Bf4 Rf7 19. f3 Re7 20.
 Re3 Qf8 21. Rae1 Qxf4 22. g3 Qh6 23. f4 c5 24. a3 cxd4 25. cxd4 Bxd4 26. 
Kg2 Bxe3 27. Qxe3 Rc7 28. Rc1 Rc2+ 29. Rxc2 Bxc2 30. b4 axb4 31. axb4 Qd6 
32. Qd4 h5 33. b5 h4 34. b6 hxg3 35. hxg3 Qe6 36. Kf2 Bd3 37. b7 e3+ 38. 
Qxe3 Be4 39. b8=Q+ Kh7 40. f5 Qe5 41. Qxe5 1-0

[Event "2015 Server Team Champ - Div 4, S54999"]
[Site "CCLA"]
[Date "2015.10.28"]
[Round "?"]
[White "Rodman, Joseph"]
[Black "Lines, Daniel"]
[Result "1-0"]
[WhiteElo "1720"]
[BlackElo "1415"]
[Board "1"]
[WhiteTeam "Pawntastics"]
[BlackTeam "Pennsylvania Duck Patrol"]

1. e4 e5 2. Nf3 Nc6 3. Bb5 Nf6 4. O-O Bc5 5. c3 a6 6. Bxc6 bxc6 7. d4 exd4
8. cxd4 Bb6 9. Nc3 d5 10. Bg5 Bg4 11. e5 h6 12. exf6 hxg5 13. fxg7 Rg8 14.
 Re1+ Be6 15. Ne5 Qd6 16. Rc1 Rxg7 17. Na4 Kf8 18. Rxc6 Qe7 19. Nxb6 cxb6 
20. Rxb6 Qa7 21. Qb3 f6 22. Nc6 Qd7 23. Nb8 Qa7 24. Rexe6 1-0

[Event "2015 NA Server Ch (CCLA Rules), S50169"]
[Site "CCLA"]
[Date "2015.04.27"]
[Round "?"]
[White "Lewis, James W."]
[Black "Quirk, Michael"]
[Result "0-1"]
[WhiteElo "1993"]
[BlackElo "2130"]

1. e4 e5 2. Nf3 Nc6 3. Bb5 Nf6 4. O-O Nxe4 5. d4 Nd6 6. Bxc6 dxc6 7. dxe5 
Nf5 8. Qxd8+ Kxd8 9. Nc3 Bd7 10. Rd1 Kc8 11. Ng5 Be8 12. b3 Be7 13. Nge4 
b6 14. h3 Kb7 15. Bb2 h5 16. g3 Rd8 17. Rxd8 Bxd8 18. Rd1 Kc8 19. f3 Bd7 
20. Ne2 Re8 21. Nf4 g6 22. c4 c5 23. Kg2 Ne3+ 24. Kg1 Nxd1 25. Bc1 Rxe5 
26. Kf1 Bc6 0-1

[Event "2015 NA Server Ch (CCLA Rules), S50169"]
[Site "CCLA"]
[Date "2015.04.27"]
[Round "?"]
[White "Young III, William C."]
[Black "Lewis, James W."]
[Result "1-0"]
[WhiteElo "2075"]
[BlackElo "1993"]

1. e4 e5 2. Nf3 Nc6 3. Bb5 Nf6 4. O-O Nxe4 5. d4 Nd6 6. Bxc6 dxc6 7. dxe5 
Nf5 8. Qxd8+ Kxd8 9. Nc3 h6 10. h3 Bd7 11. b3 Kc8 12. Bb2 b6 13. Rad1 Ne7 
14. Ne2 Ng6 15. Ne1 h5 16. f4 Ne7 17. Nf3 Nf5 18. Rd3 Bc5+ 19. Nfd4 h4 20.
 Kh2 Kb7 21. Rfd1 a5 22. a4 Bc8 23. c4 g6 24. Nf3 Ne3 25. Rc1 Bf5 26. Rd2 
Bb4 27. Bc3 c5 28. Re1 Be4 29. Ng5 Bc6 30. Bxb4 axb4 31. Nc1 Nf5 32. Nxf7 
Rhf8 33. Ng5 Nd4 34. Rf2 Rae8 35. Re3 Kc8 36. Kg1 Re7 37. Re1 Bd7 38. a5 
Bf5 39. Ra2 Kb7 40. axb6 Kxb6 41. Rd1 c6 42. Rf1 Ree8 43. Nf3 Ra8 44. Rb2 
Rh8 45. Rd2 Ne6 46. Ne2 Ra3 47. Rb2 Bd3 48. Re1 Bxe2 49. Rexe2 Nxf4 50. 
Re4 Ne6 51. Nxh4 g5 52. Nf3 Rd8 53. Re3 Kc7 54. Kh2 Kd7 55. Rd3+ Ke7 56. 
Rxd8 Kxd8 57. Kg3 Ke7 58. Kg4 Nd4 59. Nxd4 cxd4 60. Kxg5 Ke6 61. Kf4 Ra1 
62. Rf2 Re1 63. g4 Rxe5 64. h4 Re1 65. h5 Rh1 66. Rd2 Rh3 67. Rxd4 Rxb3 
68. c5 Rb1 69. Rd6+ Ke7 70. Rxc6 b3 71. Rb6 b2 72. Kg5 1-0

[Event "Summer Series, S50311"]
[Site "CCLA"]
[Date "2015.07.25"]
[Round "?"]
[White "Hadley, Douglas R."]
[Black "Greco, Tom"]
[Result "1-0"]
[WhiteElo "1660"]
[BlackElo "1641"]

1. e4 e5 2. Nf3 Nc6 3. Bb5 Nf6 4. O-O Nxe4 5. d4 Nd6 6. Bxc6 dxc6 7. dxe5 
Nf5 8. Qxd8+ Kxd8 9. Nc3 Ke8 10. h3 Be7 11. g4 Nh4 12. Nxh4 Bxh4 13. Be3 
h5 14. f3 Be6 15. Kg2 Rd8 16. Rfd1 Be7 17. Rxd8+ Kxd8 18. Rd1+ Kc8 19. b3 
hxg4 20. hxg4 g5 21. Ne4 Bd5 22. Nxg5 Bxg5 23. Bxg5 Rg8 24. c4 Rxg5 25. 
cxd5 Rxe5 26. dxc6 bxc6 27. Kf2 Rd5 28. Rxd5 cxd5 29. b4 Kd7 30. Ke3 Ke6 
31. Kd4 f6 32. b5 Kd6 33. f4 c6 34. bxc6 Kxc6 35. g5 fxg5 36. fxg5 Kd6 37.
 a4 Ke6 38. a5 Kf5 39. Kxd5 1-0

[Event "2015 REGULAR QUAD, S50369"]
[Site "CCLA"]
[Date "2015.08.11"]
[Round "?"]
[White "Haase, F. Philip"]
[Black "Smiley, William R."]
[Result "1-0"]
[WhiteElo "1813"]
[BlackElo "1613"]

1. e4 e5 2. Nf3 Nc6 3. Bb5 a6 4. Bxc6 dxc6 5. Nxe5 Qg5 6. Nf3 Qxg2 7. Rg1 
Qh3 8. d3 Bg4 9. Rg3 Qh5 10. h3 Be6 11. Bf4 Bd6 12. Bxd6 cxd6 13. Nbd2 g6 
14. Qe2 Bxh3 15. Qe3 Ne7 16. Qf4 Be6 17. Qxd6 Nc8 18. Qb4 b5 19. e5 1-0

[Event "Summer Series, S50311"]
[Site "CCLA"]
[Date "2015.07.25"]
[Round "?"]
[White "Hadley, Douglas R."]
[Black "Blankenship, Jerry T."]
[Result "1-0"]
[WhiteElo "1660"]
[BlackElo "1527"]

1. e4 e5 2. Nf3 Nc6 3. Bb5 a6 4. Bxc6 dxc6 5. O-O Qf6 6. d4 exd4 7. Bg5 
Qd6 8. Qxd4 Qxd4 9. Nxd4 Bd7 10. Nc3 h6 11. Be3 O-O-O 12. Rad1 Bd6 13. f3 
Nf6 14. Nde2 Rde8 15. a3 Be6 16. Nd4 Bd7 17. Rd3 c5 18. Nde2 b5 19. Rfd1 
g5 20. Nd5 Nxd5 21. Rxd5 Bc6 22. Rf5 Re7 23. Bxc5 1-0

[Event "2015 Server Team Ch - Div 1, S51999"]
[Site "CCLA"]
[Date "2015.10.30"]
[Round "?"]
[White "Weiner, Jerry"]
[Black "Pinchon, Francois"]
[Result "1/2-1/2"]
[WhiteElo "2165"]
[BlackElo "2307"]
[Board "3"]
[WhiteTeam "Gustafson Winners"]
[BlackTeam "SchemingMind A"]

1. e4 e5 2. Nf3 Nc6 3. Bb5 a6 4. Bxc6 dxc6 5. O-O Ne7 6. Nxe5 Qd4 7. Qh5 
g6 8. Nf3 Qxe4 9. Qa5 Bg4 10. d3 Qf5 11. Qxc7 Bxf3 12. gxf3 Qxf3 13. Re1 
Qg4+ 14. Qg3 Qxg3+ 15. hxg3 f6 16. Nd2 Kf7 17. Nf3 h5 18. Bd2 Nf5 19. Re4 
Bc5 20. Bb4 Bxb4 21. Rxb4 b5 22. Re4 g5 23. a4 c5 24. Kg2 Rhb8 25. Kf1 Rc8
26. Nd2 Nd6 27. Re2 Nf5 28. Re4 Rd8 29. Nb3 Nd6 30. Ree1 c4 31. Nc5 
1/2-1/2

[Event "Summer Series, S50311"]
[Site "CCLA"]
[Date "2015.07.25"]
[Round "?"]
[White "Greco, Tom"]
[Black "Hadley, Douglas R."]
[Result "1/2-1/2"]
[WhiteElo "1641"]
[BlackElo "1660"]

1. e4 e5 2. Nf3 Nc6 3. Bb5 a6 4. Bxc6 dxc6 5. O-O Bg4 6. h3 h5 7. d3 Qf6 
8. Nbd2 Ne7 9. Nc4 Bxf3 10. Qxf3 Qxf3 11. gxf3 Ng6 12. Be3 Be7 13. Rfd1 
O-O-O 14. Kf1 f6 15. Ke2 Nf8 16. f4 exf4 17. Bxf4 Ne6 18. Be3 g5 19. Rh1 
Rhf8 20. a4 c5 21. c3 b6 22. Rab1 a5 23. f3 f5 24. exf5 Rxf5 25. Rhf1 Nf4+
26. Bxf4 Rxf4 27. Rbd1 Re8 28. Kf2 Bd6 29. Rde1 Rxe1 30. Rxe1 Kd7 31. Re4 
Rxe4 32. dxe4 Ke6 33. Ke2 1/2-1/2

[Event "2015 REGULAR QUAD, S50109"]
[Site "CCLA"]
[Date "2015.03.13"]
[Round "?"]
[White "Luna, Joseph"]
[Black "Strelecky, Rich"]
[Result "0-1"]
[WhiteElo "1510"]
[BlackElo "1670"]

1. e4 e5 2. Nf3 Nc6 3. Bb5 a6 4. Bxc6 dxc6 5. O-O f6 6. d4 Bg4 7. c3 Bd6 
8. h3 Bh5 9. Re1 Qd7 10. Be3 exd4 11. cxd4 Bb4 12. Nc3 O-O-O 13. Rb1 Re8 
14. e5 h6 15. a3 Bxc3 16. bxc3 Kb8 17. Bf4 Qd5 18. Qa4 b6 0-1

[Event "2015 NA Server Ch (CCLA Rules), S50169"]
[Site "CCLA"]
[Date "2015.04.27"]
[Round "?"]
[White "Lewis, James W."]
[Black "Sereni, Vincent T."]
[Result "0-1"]
[WhiteElo "1993"]
[BlackElo "2123"]

1. e4 e5 2. Nf3 Nc6 3. Bb5 a6 4. Ba4 Bd6 5. O-O Nf6 6. Re1 O-O 7. c3 b5 8.
 Bc2 Bb7 9. d4 h6 10. Nbd2 Re8 11. h3 Qc8 12. a3 Bf8 13. dxe5 Nxe5 14. 
Nxe5 Rxe5 15. Nf3 Rxe4 16. Bxe4 Nxe4 17. Bf4 d6 18. Nd4 c5 19. Ne2 c4 20. 
Nd4 Nc5 21. Qd2 Qc7 22. Re3 Nd3 23. Bg3 Qd8 24. a4 b4 25. cxb4 d5 26. b5 
axb5 27. Nxb5 Bc6 28. Rd1 Rxa4 29. Nd4 Bb7 30. b3 Ra8 31. Nc2 Qb6 32. Ra1 
d4 33. Re2 Rxa1+ 34. Nxa1 Qc6 35. f3 Qg6 36. Kh2 c3 37. Qd1 Bd6 38. Bxd6 
Qxd6+ 39. g3 Ne5 40. Rxe5 Qxe5 41. Nc2 Ba6 42. Nxd4 Qe3 43. Kh1 Qd2 44. 
Qg1 Bb7 45. b4 c2 0-1

[Event "2015 NA Class C Ch Finals, S50409"]
[Site "CCLA"]
[Date "2015.10.13"]
[Round "?"]
[White "Haase, F. Philip"]
[Black "Smiley, William R."]
[Result "1-0"]
[WhiteElo "1773"]
[BlackElo "1587"]

1. e4 e5 2. Nf3 Nc6 3. Bb5 a6 4. Ba4 b5 5. Bb3 Nf6 6. d3 h6 7. O-O Bc5 8. 
a4 b4 9. Nxe5 Nxe5 10. d4 O-O 11. dxc5 Bb7 12. f4 Ng6 13. e5 Nh7 14. c3 
bxc3 15. Nxc3 Re8 16. Bxf7+ Kxf7 17. Qb3+ Kf8 18. Qxb7 Ne7 19. Qb3 Nc6 20.
 Nd5 Rb8 21. Qd3 1-0

[Event "2015 Server Team Champ - Div 4, S54999"]
[Site "CCLA"]
[Date "2015.10.28"]
[Round "?"]
[White "Smiley, William R."]
[Black "Lyons, Anthony W."]
[Result "1-0"]
[WhiteElo "1613"]
[BlackElo "1235"]
[Board "4"]
[WhiteTeam "Norsemen"]
[BlackTeam "Pennsylvania Pawn Pushers"]

1. e4 e5 2. Nf3 Nc6 3. Bb5 a6 4. Ba4 Bc5 5. c3 b5 6. Bc2 Nf6 7. d4 Bd6 8. 
d5 h6 9. dxc6 dxc6 10. O-O Bg4 11. Re1 O-O 12. Qd3 Re8 13. Nbd2 Bc5 14. 
Qxd8 Raxd8 15. h3 Bxf3 16. Nxf3 a5 17. a4 Rb8 18. Nd2 b4 19. c4 Rbd8 20. 
Nb3 1-0

[Event "2015  Server Team - Div 3, S53999"]
[Site "CCLA"]
[Date "2015.10.30"]
[Round "?"]
[White "Stewart, Scott A."]
[Black "Hardwick, Martin E."]
[Result "1-0"]
[WhiteElo "1343"]
[BlackElo "1456"]
[Board "6"]
[WhiteTeam "Knights of the Square Table"]
[BlackTeam "BCCA Bishops"]

1. e4 e5 2. Nf3 Nc6 3. Bb5 a6 4. Ba4 b5 5. Bb3 Be7 6. d3 d6 7. Nc3 Nf6 8. 
Nd5 Bb7 9. a3 O-O 10. O-O Re8 11. Ng5 Nd4 12. Nxf6+ Bxf6 13. Bxf7+ Kh8 14.
 Nxh7 Kxh7 15. Qh5# 1-0

[Event "2015 Server Team Champ - Div 4, S54999"]
[Site "CCLA"]
[Date "2015.10.28"]
[Round "?"]
[White "Fullen, Peter J."]
[Black "Lyons, Gage W."]
[Result "1-0"]
[WhiteElo "1359"]
[BlackElo "1205"]
[Board "6"]
[WhiteTeam "Norsemen"]
[BlackTeam "Pawntastics"]

1. e4 e5 2. Nf3 Nc6 3. Bb5 a6 4. Ba4 b5 5. Bb3 Bb7 6. O-O h6 7. d4 exd4 8.
 Nxd4 Nxd4 9. Qxd4 Qf6 10. e5 O-O-O 11. exf6 Nxf6 12. Bxf7 Kb8 13. Bf4 Kc8
14. Qc3 c6 15. Qa5 Bb4 16. Qc7# 1-0

[Event "2015 REGULAR QUAD, S50459"]
[Site "CCLA"]
[Date "2015.12.20"]
[Round "?"]
[White "Perry, William E."]
[Black "Rodriguez, Armando"]
[Result "1-0"]
[WhiteElo "1440"]
[BlackElo "1298"]

1. e4 e5 2. Nf3 Nc6 3. Bb5 a6 4. Ba4 Nf6 5. d3 Bc5 6. O-O d6 7. c3 O-O 8. 
h3 b5 9. Bc2 Be6 10. d4 Bc4 11. Re1 exd4 12. cxd4 Re8 13. dxc5 1-0

[Event "2015 NA Class C Ch Finals, S50409"]
[Site "CCLA"]
[Date "2015.10.13"]
[Round "?"]
[White "Perry, William E."]
[Black "Haase, F. Philip"]
[Result "0-1"]
[WhiteElo "1442"]
[BlackElo "1773"]

1. e4 e5 2. Nf3 Nc6 3. Bb5 a6 4. Ba4 Nf6 5. d3 Bc5 6. O-O d6 7. c3 O-O 8. 
h3 b5 9. Bc2 Ba7 10. Bg5 h6 11. Be3 Bxe3 12. fxe3 Ne7 13. d4 Ng6 14. Nbd2 
c5 15. d5 c4 16. b3 Qa5 17. Nb1 cxb3 18. Bxb3 Nxe4 19. Qc2 Ng3 20. Rf2 Qb6
21. Nbd2 a5 22. a4 Bf5 23. Qc1 Nf4 24. Bc2 Nge2+ 0-1

[Event "Winter Series, S50031"]
[Site "CCLA"]
[Date "2015.01.28"]
[Round "?"]
[White "Zarges, Ron V."]
[Black "Richardson, Ryan M."]
[Result "0-1"]
[WhiteElo "1660"]
[BlackElo "1795"]

1. e4 e5 2. Nf3 Nc6 3. Bb5 a6 4. Ba4 Nf6 5. d4 b5 6. Bb3 exd4 7. e5 Ne4 8.
 Bd5 Bb4+ 9. c3 dxc3 10. O-O cxb2 11. Bxb2 Nc5 12. Nc3 Bb7 13. Qc2 O-O 14.
 Ne4 Nxe4 15. Bxe4 h6 16. e6 fxe6 17. Bh7+ Kh8 18. Qg6 Rf6 19. Bxf6 Qxf6 
20. Qc2 Rf8 21. Be4 d5 22. Bd3 e5 23. Be2 e4 24. Nd2 Nd4 25. Qd1 Bd6 26. 
Rc1 c5 27. Nb3 Nxe2+ 28. Qxe2 c4 29. Nd2 Qe5 30. g3 d4 0-1

[Event "2015 REGULAR QUAD, S50149"]
[Site "CCLA"]
[Date "2015.04.10"]
[Round "?"]
[White "Godinez, Doug"]
[Black "Haase, F. Philip"]
[Result "0-1"]
[WhiteElo "1392"]
[BlackElo "1813"]

1. e4 e5 2. Nf3 Nc6 3. Bb5 a6 4. Ba4 b5 5. Bb3 Nf6 6. Qe2 Bc5 7. d3 O-O 8.
 Bg5 Be7 9. a4 b4 10. Nbd2 d6 11. O-O Na5 12. Ba2 h6 13. Be3 Ng4 14. Bd5 
c6 15. Ba2 Nxe3 16. Qxe3 Bf6 17. Rfe1 Qc7 18. h3 Rb8 19. Nh2 Bg5 20. Qe2 
Bxd2 21. Qxd2 b3 22. Bb1 bxc2 23. Qxc2 Nb3 24. Ra3 Nd4 25. Qd2 Qb6 26. Ra2
Be6 27. Ra3 Qxb2 28. Qc3 Qxb1 29. Rxb1 Rxb1+ 30. Nf1 Ne2+ 31. Kh2 Nxc3 32.
 Rxc3 Rxf1 33. Rxc6 Rxf2 34. Rxa6 Rc8 35. Rxd6 Rcc2 36. Kg3 Rxg2+ 37. Kh4 
Rcf2 38. a5 Rf4+ 39. Kh5 Rg5# 0-1

[Event "Winter Series, S50021"]
[Site "CCLA"]
[Date "2015.01.28"]
[Round "?"]
[White "Anderson, Clarence"]
[Black "Fausey, Verna M."]
[Result "1-0"]
[WhiteElo "1717"]
[BlackElo "1718"]

1. e4 e5 2. Nf3 Nc6 3. Bb5 a6 4. Ba4 Nf6 5. Qe2 b5 6. Bb3 Bc5 7. c3 O-O 8.
 O-O d5 9. exd5 e4 10. dxc6 exf3 11. Qxf3 Bg4 12. Qg3 Be2 13. d4 Bd6 14. 
Qh3 Bxf1 15. Kxf1 Qe8 16. Qf3 Bxh2 17. g3 Qe7 18. Bg5 Qe4 19. Nd2 Qg6 20. 
Bxf6 gxf6 21. Kg2 a5 22. Nf1 a4 23. Bd5 a3 24. b3 Bxg3 25. Be4 Qg5 26. 
Nxg3 h6 27. Rh1 Rfb8 28. Rh5 Qg7 29. Kf1 1-0

[Event "Winter Series, S50071"]
[Site "CCLA"]
[Date "2015.01.28"]
[Round "?"]
[White "Stewart, Scott A."]
[Black "Wasser, Jared"]
[Result "1-0"]
[WhiteElo "1343"]
[BlackElo "1192"]

1. e4 e5 2. Nf3 Nc6 3. Bb5 a6 4. Ba4 Nf6 5. O-O d5 6. d3 Bc5 7. Nxe5 Qd6 
8. Nxc6 bxc6 9. e5 Qxe5 10. Bxc6+ Bd7 11. Re1 Ne4 12. dxe4 Bxc6 13. exd5 
Bd6 14. Bf4 O-O 15. Bxe5 Bxe5 16. Rxe5 Bb5 17. Nc3 Bd7 18. Re7 Bf5 19. 
Rxc7 Rfe8 20. d6 Rab8 21. Nd5 g6 22. Nf6+ Kf8 23. Nxe8 Rxe8 24. d7 Rd8 25.
 Qd4 Ke7 26. Re1+ Be6 27. Rc6 Rxd7 28. Rexe6+ fxe6 29. Qg7+ Kd8 30. Qf8# 
1-0

[Event "2015 NA Server Ch (CCLA Rules), S50169"]
[Site "CCLA"]
[Date "2015.04.27"]
[Round "?"]
[White "Edwards, K. E. D. G."]
[Black "Sereni, Vincent T."]
[Result "1/2-1/2"]
[WhiteElo "2273"]
[BlackElo "2123"]

1. e4 e5 2. Nf3 Nc6 3. Bb5 a6 4. Ba4 Nf6 5. O-O b5 6. Bb3 Bd6 7. d3 Bb7 8.
 c3 O-O 9. Re1 Re8 10. Nbd2 Na5 11. Bc2 c5 12. Nf1 h6 13. Ne3 Bf8 14. c4 
Nc6 15. Bd2 Rb8 16. Bb3 Nd4 17. Nxd4 cxd4 18. Nd5 Bxd5 19. cxd5 a5 20. Qf3
a4 21. Bc2 Rc8 22. Rec1 a3 23. b4 Bd6 24. Bd1 Rxc1 25. Rxc1 Qe7 26. Qg3 
Kh8 27. Qh3 Kg8 28. Rb1 Rc8 29. Rb3 Ra8 30. g3 Qd8 31. f4 Qb8 32. Qf5 Qe8 
33. Rb1 Qe7 34. fxe5 Bxe5 35. Rc1 Bd6 36. Bb3 Rf8 37. Rf1 Nh7 38. Rf2 Kh8 
39. Kg2 f6 40. h4 Rd8 41. Bc1 Bxb4 42. Rc2 Bc5 43. Bf4 d6 44. Rc1 Nf8 45. 
Bd1 b4 46. Ba4 Kg8 47. Rb1 Rb8 48. Qg4 Qa7 49. Bd1 Qd7 50. Qh5 Qf7 51. Qf5
g5 52. Bc1 Nd7 53. Bd2 Ne5 54. Rb3 Kg7 55. h5 Qb7 56. Bg4 Qb5 57. Qe6 Rf8 
58. Qf5 Rb8 1/2-1/2

[Event "2015 REGULAR QUAD, S50359"]
[Site "CCLA"]
[Date "2015.08.08"]
[Round "?"]
[White "Fullen, Peter J."]
[Black "Shaffer, Aaron"]
[Result "1-0"]
[WhiteElo "1359"]
[BlackElo "1151"]

1. e4 e5 2. Nf3 Nc6 3. Bb5 a6 4. Ba4 b5 5. Bb3 Nf6 6. O-O d5 7. exd5 Nxd5 
8. Re1 Bd6 9. Bxd5 Bd7 10. d4 f6 11. Bxc6 Bxc6 12. dxe5 fxe5 13. Nxe5 O-O 
14. Nxc6 Qf6 15. Be3 Rae8 16. Nc3 Bxh2+ 17. Kxh2 Qh4+ 18. Kg1 Rxe3 19. f3 
Rexf3 20. Qd5+ Kh8 21. Qxf3 Kg8 22. Ne7+ Qxe7 23. Rxe7 1-0

[Event "Premier Quad, S50229"]
[Site "CCLA"]
[Date "2015.05.15"]
[Round "?"]
[White "Blankenship, Jerry T."]
[Black "Sereni, Vincent T."]
[Result "0-1"]
[WhiteElo "1564"]
[BlackElo "2117"]

1. e4 e5 2. Nf3 Nc6 3. Bb5 a6 4. Ba4 Nf6 5. O-O b5 6. Bb3 Bd6 7. a4 Bb7 8.
 d3 Na5 9. Ba2 O-O 10. Nc3 b4 11. Ne2 Re8 12. Ng3 Bf8 13. Re1 h6 14. c3 
Rb8 15. d4 exd4 16. Nxd4 Nxe4 17. Nxe4 Rxe4 18. Rxe4 Bxe4 19. Bxf7+ Kxf7 
20. Qh5+ g6 21. Qxa5 c5 22. Qxd8 Rxd8 23. Nb3 bxc3 24. bxc3 Rb8 25. Nd2 
Bd3 26. Nf3 d6 27. Be3 Bg7 28. Bd2 Rb3 29. Bf4 Ke7 0-1

[Event "Premier Quad, S50229"]
[Site "CCLA"]
[Date "2015.05.15"]
[Round "?"]
[White "Stevens, Daniel L."]
[Black "Blankenship, Jerry T."]
[Result "1-0"]
[WhiteElo "1775"]
[BlackElo "1564"]

1. e4 e5 2. Nf3 Nc6 3. Bb5 a6 4. Ba4 Nf6 5. O-O b5 6. Bb3 Be7 7. d4 d6 8. 
c3 exd4 9. cxd4 Nxe4 10. Bd5 Bb7 11. Bxe4 O-O 12. Nc3 1-0

[Event "2015 Server Team Champ - Div 4, S54999"]
[Site "CCLA"]
[Date "2015.10.28"]
[Round "?"]
[White "Rodman, Joseph"]
[Black "Smith, Jason A."]
[Result "1/2-1/2"]
[WhiteElo "1720"]
[BlackElo "1738"]
[Board "1"]
[WhiteTeam "Pawntastics"]
[BlackTeam "Pennsylvania Pawn Pushers"]

1. e4 e5 2. Nf3 Nc6 3. Bb5 a6 4. Ba4 Nf6 5. O-O b5 6. Bb3 Bb7 7. Ng5 d5 8.
 exd5 Nd4 9. c3 Nxb3 10. axb3 Qxd5 11. Qf3 Qxf3 12. Nxf3 Bxf3 13. gxf3 Bd6
14. d3 O-O 15. Nd2 Nd7 16. b4 f5 17. Nb3 f4 18. Nd2 Rf6 19. Kh1 Rg6 20. 
Rg1 Nf8 21. Ne4 Rxg1+ 22. Kxg1 Ng6 23. Kf1 Nh4 24. Ke2 Nf5 25. Bd2 Be7 26.
 d4 exd4 27. Bxf4 Bd6 28. Nxd6 cxd6 29. Kd3 dxc3 30. bxc3 d5 31. Be5 Re8 
32. f4 Re6 33. Rg1 Rh6 34. Rg2 Kf7 35. f3 Rg6 36. Rg5 Rxg5 37. fxg5 Kg6 
38. Bf4 Nh4 39. Ke2 Kf5 40. Bd2 Ng2 41. Kf2 Nf4 42. Kg3 Ne6 43. h4 d4 44. 
cxd4 Nxd4 45. Kf2 Ke5 46. h5 Nb3 47. Bc3+ Kf5 48. Bxg7 Kxg5 49. h6 a5 50. 
bxa5 Nxa5 51. Ke3 Nc6 52. Ke4 Ne7 53. Bf8 Nf5 54. Bb4 Nxh6 55. Bd2+ Kg6 
56. f4 Nf5 57. Be1 Nh6 58. Bd2 Ng4 59. f5+ Kf7 60. Be1 Nf6+ 61. Kd4 Nd7 
62. Bh4 h5 63. Bg5 Nf6 64. Bh4 Ne8 65. Kc5 Ng7 66. f6 Ne8 67. Kxb5 Nxf6 
68. Kc4 Ke6 69. Kd4 Kf5 70. Ke3 Nh7 71. Kf3 Nf8 72. Be7 Ne6 73. Bh4 Nd4+ 
74. Kg3 Ne2+ 75. Kf3 Nd4+ 76. Kg3 Ke4 77. Bg5 Nf5+ 78. Kh3 Kf3 79. Bd8 Kf4
80. Bh4 Nd4 81. Bf6 Nf3 82. Be7 Kf5 83. Bd8 Kg6 84. Be7 Kf7 85. Bd8 Kg6 
86. Be7 1/2-1/2

[Event "Premier Quad, S50229"]
[Site "CCLA"]
[Date "2015.05.15"]
[Round "?"]
[White "Stevens, Daniel L."]
[Black "Sereni, Vincent T."]
[Result "0-1"]
[WhiteElo "1775"]
[BlackElo "2117"]

1. e4 e5 2. Nf3 Nc6 3. Bb5 a6 4. Ba4 Nf6 5. O-O b5 6. Bb3 Bb7 7. d4 Nxd4 
8. Nxd4 exd4 9. e5 Ne4 10. Qf3 Qe7 11. Nd2 Nc5 12. Bd5 c6 13. Ne4 Nxe4 14.
 Bxe4 g6 15. c3 dxc3 16. Qxc3 Bg7 17. f4 d5 18. Bc2 c5 19. Qh3 O-O 20. Be3
d4 21. Bf2 Qe6 22. Qxe6 fxe6 23. g3 g5 24. fxg5 Rad8 25. Rad1 Bf3 26. Rd2 
Bxe5 27. Re1 Rd5 28. Be4 Bxe4 29. Rxe4 c4 30. Kg2 d3 31. Be1 Rf5 32. h4 
Kf7 33. Re3 b4 34. Rd1 Bxb2 35. Bxb4 Bd4 36. Rf3 Re5 37. Rxf5+ Rxf5 38. 
Rd2 a5 39. Ba3 Be3 0-1

[Event "Premier Quad, S50119"]
[Site "CCLA"]
[Date "2015.03.23"]
[Round "?"]
[White "Hansen, Michael"]
[Black "Shannon, Paul D."]
[Result "0-1"]
[WhiteElo "1754"]
[BlackElo "1815"]

1. e4 e5 2. Nf3 Nc6 3. Bb5 a6 4. Ba4 Nf6 5. O-O b5 6. Bb3 Bb7 7. d3 Bd6 8.
 a4 h6 9. c3 O-O 10. axb5 axb5 11. Rxa8 Qxa8 12. Nh4 Ne7 13. Be3 c5 14. 
Nd2 Kh7 15. Qf3 c4 16. dxc4 Nxe4 17. Nxe4 Bxe4 18. Qd1 Nc8 19. cxb5 Be7 
20. Nf3 d6 21. Bc2 f5 22. c4 f4 23. Bd2 Kh8 24. Re1 Bb7 25. Bc3 Nb6 26. 
Qa1 Bxf3 27. gxf3 Qxf3 28. Qd1 Qh3 29. Kh1 Nxc4 30. Rg1 Rc8 31. Bb3 Nb6 
32. Bc2 Nd7 33. Qd3 Qxd3 34. Bxd3 Nc5 35. Bg6 Rb8 36. Ra1 Kg8 37. Kg2 Kf8 
38. Ra7 Ne6 39. b6 Nd8 40. Ra6 Nb7 41. b4 Bf6 42. Be4 Nd8 43. b5 Ke7 44. 
Ba5 d5 45. Bb4+ Ke6 46. b7+ Kd7 47. Bxd5 Nxb7 0-1

[Event "2015 Server Team Ch - Div 2"]
[Site "CCLA"]
[Date "2015.10.30"]
[Round "?"]
[White "Thomas, Gerald K."]
[Black "Sereni, Vincent T."]
[Result "0-1"]
[WhiteElo "1974"]
[BlackElo "1970"]
[Board "2"]
[WhiteTeam "Big Red Fuzzy"]
[BlackTeam "Queen & Knights"]

1. e4 e5 2. Nf3 Nc6 3. Bb5 a6 4. Ba4 Nf6 5. O-O b5 6. Bb3 Bb7 7. d3 Be7 8.
 Nc3 O-O 9. Be3 d6 10. a3 Na5 11. Ba2 c5 12. Rc1 Rc8 13. Bg5 Qd7 14. Ne2 
h6 15. Bh4 Nc6 16. Nc3 Nd4 17. Bxf6 Bxf6 18. Bd5 Nc6 19. Ra1 Rfd8 20. Nd2 
Bg5 21. Nf3 Bf6 22. Nd2 Bg5 23. Nf3 Bf6 24. Nd2 Re8 25. a4 b4 26. Ne2 Bg5 
27. Nc4 Rcd8 28. f4 Bf6 29. fxe5 Nxe5 30. Rxf6 gxf6 31. Nf4 Bc8 32. Ne3 
Qe7 33. d4 cxd4 34. Qxd4 Kh8 35. Rf1 Be6 36. Qb6 Bc8 37. Ne2 Be6 38. Nf5 
Bxf5 39. Rxf5 Rb8 40. Qe3 Kh7 41. Nd4 Rg8 42. Rxe5 Qxe5 43. Nc6 Qxb2 44. 
Nxb8 Qb1+ 45. Kf2 Qxc2+ 46. Qe2 Rxg2+ 0-1

[Event "2015 Server Team Ch - Div 2"]
[Site "CCLA"]
[Date "2015.10.30"]
[Round "?"]
[White "Bedard, Eugene"]
[Black "Sereni, Vincent T."]
[Result "0-1"]
[WhiteElo "1651"]
[BlackElo "1970"]
[Board "2"]
[WhiteTeam "SchemingMind C"]
[BlackTeam "Queen & Knights"]

1. e4 e5 2. Nf3 Nc6 3. Bb5 a6 4. Ba4 Nf6 5. O-O b5 6. Bb3 Bb7 7. c3 Bd6 8.
 Ng5 O-O 9. d4 Qe7 10. f4 exf4 11. e5 Nxe5 12. dxe5 Bxe5 13. Qc2 Bd6 14. 
Qd3 Rae8 15. Bd1 Bc5+ 16. Kh1 h6 17. Nf3 Be4 18. Qe2 Qd6 19. b4 Ba7 20. 
Bc2 Bf5 21. Qd1 Qxd1 22. Bxd1 Bd3 23. Re1 Ng4 24. Bb3 Nf2+ 25. Kg1 Rxe1+ 
26. Nxe1 Re8 27. Nf3 g5 28. h4 g4 29. Nbd2 Re2 30. Nd4 Ne4 31. Nxe4 Re1+ 
32. Kh2 Bxe4 33. Bxf4 Rxa1 34. Bxc7 Rc1 35. Bf4 Rxc3 36. Ne2 Rc6 37. Ng3 
d5 38. Be5 Bf2 39. Bf4 Kg7 40. Nxe4 dxe4 41. g3 e3 42. Bd1 h5 43. Kg2 Rc1 
44. Be2 Rg1+ 45. Kh2 Re1 46. Bd3 Rd1 47. Be2 Rd2 48. Bf1 e2 49. Bxe2 Rxe2 
50. Kg2 Bd4+ 51. Kf1 Rf2+ 52. Ke1 Rxf4 53. gxf4 Kg6 54. Ke2 Bf6 0-1